Etika v tvorbe imidža

Definovanie pojmov: želaný imidž, vnímaný imidž a skutočnosť, vysvetlenie rozdielov medzi nimi a zároveň ich prepojenosti. Dôraz je kladený na etiku v tvorbe imidža. Každá časť príspevku je aplikovaná na maloobchodný reťazec COOP Jednota.

Enregistré dans:
Détails bibliographiques
Auteur principal: Bzdúšek, Ivan
Format: Chapitre de livre
Langue:slovaque
Sujets:
Tags: Ajouter un tag
Pas de tags, Soyez le premier à ajouter un tag!

MARC

LEADER 00000nla$a2200000$$$4500
001 0147737
005 20240502072651.3
041 0 |a slo 
044 |a SK 
245 1 0 |a Etika v tvorbe imidža  |c Ivan Bzdúšek 
520 |a Definovanie pojmov: želaný imidž, vnímaný imidž a skutočnosť, vysvetlenie rozdielov medzi nimi a zároveň ich prepojenosti. Dôraz je kladený na etiku v tvorbe imidža. Každá časť príspevku je aplikovaná na maloobchodný reťazec COOP Jednota. 
610 2 0 |a imidž 
610 2 0 |a etika 
610 2 0 |a reťazce obchodné 
100 1 |a Bzdúšek, Ivan